THE INFLUENCE OF STRUCTURAL CHANGES ON BUS BEHAVIOR DURING ROLLOVER

Bibliographic Details
Main Authors: Máčaj, Juraj (Author), Élesztős, Pavel, ml (Author), Élesztős, Pavel, 1948- (Author), Šolek, Peter, 1950- (Author)
Format: Article
Language:English
ISBN:9788097077204

MARC

LEADER 00000naa a2200000uu 4500
001 vtls010951219
003 SK-MaSNL
005 20260302125631.0
008 210910|2011 xo |||||||||||||||||eng|
015 |a SNBRA 
035 |a (urnnbn)urn:nbn:sk:snk:ar-a0bjuv 
035 |a (uuid)e84d8767-05ac-408f-b3f2-1fbffe6ceedf 
035 |a urn:nbn:sk:snk-aaubw7 
040 |a SNKBUCL  |b slo  |c SNKBUCL  |e AACR2 
041 0 |a eng 
044 |a xo  |c SK 
100 1 |a Máčaj, Juraj  |4 aut  |9 812929 
245 1 0 |a THE INFLUENCE OF STRUCTURAL CHANGES ON BUS BEHAVIOR DURING ROLLOVER  |c Juraj Máčaj, Pavel Élesztős Jr., Pavel Élesztős, Peter Šolek 
700 1 |a Élesztős, Pavel,  |c ml.  |4 aut  |9 784172 
700 1 |a Élesztős, Pavel,  |d 1948-  |4 aut  |9 215590 
700 1 |a Šolek, Peter,  |d 1950-  |4 aut  |9 218921 
773 0 |t MOSATT 2011  |d Košice : Suprema, 2011  |g S. 111-115  |z 9788097077204 
958 |a OND 
958 |a article11 
958 |a chapter 
999 |c 1294713  |d 1296643